[Event "MMM"]
[Site "Galaxy Gesia 22a - Krakow"]
[Date "2022.06.17"]
[Round "3.15"]
[White "Koziej, Maciej"]
[Black "Smietanska, Wiktoria"]
[Result "1/2-1/2"]
[BlackElo "1868"]
[WhiteElo "1953"]
[LiveChessVersion "1.4.8"]

1. d4 {[%clk 1:30:58]} Nf6 {[%clk 1:30:53]} 2. Nf3 {[%clk 1:31:24]} g6
{[%clk 1:31:11]} 3. Nbd2 {[%clk 1:31:49]} d5 {[%clk 1:29:47]} 4. e3
{[%clk 1:30:31]} Bg7 {[%clk 1:29:20]} 5. b4 {[%clk 1:30:37]} O-O {[%clk 1:27:27]}
6. Be2 {[%clk 1:29:28]} Nbd7 {[%clk 1:25:11]} 7. Bb2 {[%clk 1:28:46]} Re8
{[%clk 1:23:48]} 8. O-O {[%clk 1:19:53]} Ne4 {[%clk 1:17:39]} 9. c4
{[%clk 1:04:41]} c6 {[%clk 1:13:37]} 10. cxd5 {[%clk 1:00:53]} Nxd2
{[%clk 1:13:19]} 11. Nxd2 {[%clk 0:59:19]} cxd5 {[%clk 1:13:36]} 12. Qb3
{[%clk 0:58:05]} Nf6 {[%clk 1:05:42]} 13. b5 {[%clk 0:54:19]} Bf5
{[%clk 1:02:00]} 14. Rfc1 {[%clk 0:49:43]} Ne4 {[%clk 0:49:50]} 15. Nxe4
{[%clk 0:45:08]} Bxe4 {[%clk 0:48:45]} 16. g4 {[%clk 0:44:53]} g5
{[%clk 0:48:08]} 17. f3 {[%clk 0:44:52]} Bg6 {[%clk 0:48:13]} 18. Rc5
{[%clk 0:45:08]} e6 {[%clk 0:47:58]} 19. Rac1 {[%clk 0:44:38]} Bf8
{[%clk 0:46:50]} 20. Rc7 {[%clk 0:44:16]} Re7 {[%clk 0:40:55]} 21. Qc3
{[%clk 0:33:45]} Qd6 {[%clk 0:39:12]} 22. Rxe7 {[%clk 0:17:51]} Bxe7
{[%clk 0:38:24]} 23. a3 {[%clk 0:07:39]} Bd8 {[%clk 0:36:48]} 24. Qc5
{[%clk 0:05:42]} Qd7 {[%clk 0:36:42]} 25. a4 {[%clk 0:05:04]} Ba5
{[%clk 0:34:45]} 26. Bc3 {[%clk 0:03:00]} Bc7 {[%clk 0:34:12]} 27. Bb4
{[%clk 0:03:06]} Bb6 {[%clk 0:32:31]} 28. Qe7 {[%clk 0:02:45]} Qxe7
{[%clk 0:31:51]} 29. Bxe7 {[%clk 0:03:13]} h6 {[%clk 0:32:04]} 30. Bb4
{[%clk 0:03:29]} f5 {[%clk 0:29:22]} 31. a5 {[%clk 0:03:43]} Bd8 {[%clk 0:29:29]}
32. a6 {[%clk 0:03:24]} b6 {[%clk 0:29:13]} 33. Rc6 {[%clk 0:02:44]} Kf7
{[%clk 0:28:52]} 34. h3 {[%clk 0:02:36]} Kf6 {[%clk 0:27:37]} 35. gxf5
{[%clk 0:01:39]} Bxf5 {[%clk 0:27:34]} 36. Kg2 {[%clk 0:01:49]} Bg6
{[%clk 0:26:40]} 37. Bd6 {[%clk 0:01:45]} Be8 {[%clk 0:25:21]} 38. Be5+
{[%clk 0:02:12]} Kf7 {[%clk 0:24:22]} 39. Rc1 {[%clk 0:02:38]} Bd7
{[%clk 0:24:00]} 40. f4 {[%clk 0:02:47]} Rc8 {[%clk 0:23:17]} 41. Rxc8
{[%clk 0:02:14]} Bxc8 {[%clk 0:23:41]} 42. Bb8 {[%clk 0:02:18]} Kg6
{[%clk 0:23:13]} 43. fxg5 {[%clk 0:02:16]} hxg5 {[%clk 0:22:41]} 44. Kg3
{[%clk 0:01:16]} Bd7 {[%clk 0:22:20]} 45. Bd3+ {[%clk 0:01:02]} Kh5
{[%clk 0:21:28]} 46. Be2+ {[%clk 0:01:21]} Kg6 {[%clk 0:21:42]} 47. Bd3+
{[%clk 0:01:48]} Kh5 {[%clk 0:21:52]} 48. Be2+ {[%clk 0:01:20]} Kg6
{[%clk 0:20:53]} 49. Bd3+ 1/2-1/2

[Event "MMM"]
[Site "Galaxy Gesia 22a - Krakow"]
[Date "2022.06.17"]
[Round "3.16"]
[White "Mirski, Michal"]
[Black "Paprocki, Antoni"]
[Result "1/2-1/2"]
[BlackElo "1949"]
[WhiteElo "1855"]
[LiveChessVersion "1.4.8"]

1. f4 {[%clk 1:26:44]} d5 {[%clk 1:30:10]} 2. Nf3 {[%clk 1:27:09]} Nf6
{[%clk 1:29:53]} 3. d3 {[%clk 1:27:31]} g6 {[%clk 1:29:51]} 4. g3
{[%clk 1:27:57]} Bg7 {[%clk 1:30:02]} 5. Bg2 {[%clk 1:28:23]} O-O
{[%clk 1:30:25]} 6. O-O {[%clk 1:28:49]} c5 {[%clk 1:28:12]} 7. Nc3
{[%clk 1:28:50]} d4 {[%clk 1:21:50]} 8. Ne4 {[%clk 1:28:56]} Qc7 {[%clk 1:18:13]}
9. Qe1 {[%clk 1:21:29]} Nd5 {[%clk 1:08:54]} 10. Bd2 {[%clk 1:16:04]} b6
{[%clk 1:03:28]} 11. c4 {[%clk 1:05:28]} Ne3 {[%clk 1:02:11]} 12. Bxe3
{[%clk 1:05:27]} dxe3 {[%clk 1:02:39]} 13. Rb1 {[%clk 1:04:13]} Bb7
{[%clk 0:57:28]} 14. Nc3 {[%clk 1:02:41]} Rd8 {[%clk 0:49:44]} 15. Qc1
{[%clk 0:58:58]} Bd4 {[%clk 0:46:47]} 16. Nd1 {[%clk 0:53:44]} Bxf3
{[%clk 0:40:00]} 17. Bxf3 {[%clk 0:51:56]} Nc6 {[%clk 0:40:25]} 18. Nxe3
{[%clk 0:45:47]} Rac8 {[%clk 0:40:49]} 19. Kg2 {[%clk 0:35:18]} e6
{[%clk 0:40:50]} 20. Bxc6 {[%clk 0:32:47]} Qxc6+ {[%clk 0:41:13]} 21. Rf3
{[%clk 0:33:01]} Bxe3 {[%clk 0:32:28]} 22. Qxe3 {[%clk 0:33:22]} Rd4
{[%clk 0:32:38]} 23. b3 {[%clk 0:29:39]} Rcd8 {[%clk 0:32:45]} 24. Qe5
{[%clk 0:28:14]} a5 {[%clk 0:28:44]} 25. Kf2 {[%clk 0:26:31]} Qd7
{[%clk 0:26:04]} 26. Qf6 {[%clk 0:24:16]} Ra8 {[%clk 0:24:20]} 27. h4
{[%clk 0:21:47]} h5 {[%clk 0:23:41]} 28. a4 {[%clk 0:18:35]} Qd8 {[%clk 0:21:21]}
29. Qe5 {[%clk 0:15:25]} Ra7 {[%clk 0:21:00]} 30. Rg1 {[%clk 0:14:51]} Kh7
{[%clk 0:19:07]} 31. Rh1 {[%clk 0:14:19]} Qd6 {[%clk 0:12:06]} 32. Qxd6
{[%clk 0:10:53]} Rxd6 {[%clk 0:12:34]} 33. Ke3 {[%clk 0:10:29]} f5
{[%clk 0:12:17]} 34. Kd2 {[%clk 0:09:21]} Rad7 {[%clk 0:12:30]} 35. Kc3
{[%clk 0:09:25]} Kg7 {[%clk 0:12:25]} 36. Rd1 {[%clk 0:09:32]} Kf6
{[%clk 0:10:49]} 37. Re3 {[%clk 0:09:49]} Rd4 {[%clk 0:03:23]} 38. Rd2
{[%clk 0:09:22]} R4d6 {[%clk 0:01:35]} 39. Re5 {[%clk 0:09:30]} Rd4
{[%clk 0:00:58]} 40. e3 {[%clk 0:09:24]} R4d6 {[%clk 0:01:25]} 41. d4
{[%clk 0:09:41]} Kf7 {[%clk 0:00:45]} 42. d5 {[%clk 0:07:29]} Kf6
{[%clk 0:01:11]} 43. Rd3 {[%clk 0:06:59]} Rd8 {[%clk 0:01:16]} 44. Kd2
{[%clk 0:04:18]} R8d7 {[%clk 0:01:27]} 45. Ke2 {[%clk 0:04:44]} Rd8
{[%clk 0:00:45]} 46. Kf3 {[%clk 0:05:08]} R8d7 {[%clk 0:01:01]} 47. e4
{[%clk 0:04:44]} Rd8 {[%clk 0:00:55]} 48. Ke3 {[%clk 0:03:17]} R8d7
{[%clk 0:00:50]} 49. Kf3 {[%clk 0:02:12]} Rd8 {[%clk 0:01:16]} 50. Re3
{[%clk 0:02:25]} Re8 {[%clk 0:01:22]} 51. Rxf5+ {[%clk 0:01:36]} exf5
{[%clk 0:01:41]} 52. e5+ {[%clk 0:01:14]} Kf7 {[%clk 0:02:04]} 53. exd6
{[%clk 0:00:49]} Rxe3+ {[%clk 0:02:29]} 54. Kxe3 {[%clk 0:01:17]} Ke8
{[%clk 0:02:54]} 55. Kd3 {[%clk 0:00:47]} Kd7 {[%clk 0:03:19]} 56. Ke3
{[%clk 0:01:03]} Kxd6 {[%clk 0:03:44]} 1/2-1/2

[Event "MMM"]
[Site "Galaxy Gesia 22a - Krakow"]
[Date "2022.06.17"]
[Round "3.17"]
[White "Palacki, Rafal"]
[Black "Maj, Samuel"]
[Result "1/2-1/2"]
[BlackElo "1935"]
[WhiteElo "1840"]
[LiveChessVersion "1.4.8"]

1. e4 {[%clk 1:30:59]} c5 {[%clk 1:30:58]} 2. c4 {[%clk 1:31:27]} Nc6
{[%clk 1:30:33]} 3. Nc3 {[%clk 1:31:16]} g6 {[%clk 1:30:44]} 4. g3
{[%clk 1:31:36]} Bg7 {[%clk 1:31:07]} 5. Bg2 {[%clk 1:32:00]} e6 {[%clk 1:30:18]}
6. Nge2 {[%clk 1:32:09]} Nge7 {[%clk 1:30:04]} 7. O-O {[%clk 1:30:43]} O-O
{[%clk 1:29:25]} 8. a3 {[%clk 1:30:35]} b6 {[%clk 1:27:28]} 9. b4
{[%clk 1:28:29]} d6 {[%clk 1:23:41]} 10. b5 {[%clk 1:24:50]} Nd4 {[%clk 1:23:20]}
11. Bb2 {[%clk 1:23:12]} Bb7 {[%clk 1:22:04]} 12. d3 {[%clk 1:21:38]} Qc7
{[%clk 1:17:33]} 13. Nxd4 {[%clk 1:17:45]} cxd4 {[%clk 1:14:32]} 14. Ne2
{[%clk 1:17:44]} e5 {[%clk 1:13:46]} 15. g4 {[%clk 0:59:04]} f5 {[%clk 1:11:10]}
16. gxf5 {[%clk 0:58:41]} gxf5 {[%clk 1:10:00]} 17. Ng3 {[%clk 0:58:26]} fxe4
{[%clk 1:05:40]} 18. Nxe4 {[%clk 0:49:36]} Ng6 {[%clk 1:02:20]} 19. Bc1
{[%clk 0:46:35]} Nh4 {[%clk 0:59:01]} 20. Bh1 {[%clk 0:43:47]} Rae8
{[%clk 0:40:01]} 21. Qh5 {[%clk 0:38:06]} Nf5 {[%clk 0:35:06]} 22. Ng5
{[%clk 0:32:35]} Bh6 {[%clk 0:31:07]} 23. Bxb7 {[%clk 0:31:47]} Qxb7
{[%clk 0:30:38]} 24. Ne4 {[%clk 0:31:08]} Bxc1 {[%clk 0:29:57]} 25. Raxc1
{[%clk 0:27:26]} Re6 {[%clk 0:26:10]} 26. Kh1 {[%clk 0:26:31]} Rg6
{[%clk 0:25:59]} 27. Rg1 {[%clk 0:26:16]} Ne7 {[%clk 0:24:29]} 28. Rxg6+
{[%clk 0:25:10]} Nxg6 {[%clk 0:24:29]} 29. Rg1 {[%clk 0:22:58]} Qf7
{[%clk 0:20:03]} 30. Rg3 {[%clk 0:19:12]} Kh8 {[%clk 0:17:12]} 31. Nxd6
{[%clk 0:17:44]} Qe6 {[%clk 0:15:58]} 32. Ne4 {[%clk 0:17:48]} Rg8
{[%clk 0:15:19]} 33. Qxh7+ {[%clk 0:15:36]} Kxh7 {[%clk 0:15:47]} 34. Ng5+
{[%clk 0:16:05]} Kg7 {[%clk 0:15:56]} 35. Nxe6+ {[%clk 0:16:32]} Kf6
{[%clk 0:16:00]} 36. Nc7 {[%clk 0:16:35]} Rh8 {[%clk 0:15:05]} 37. Nd5+
{[%clk 0:16:39]} Kf5 {[%clk 0:14:57]} 38. Kg2 {[%clk 0:14:02]} Nh4+
{[%clk 0:14:25]} 39. Kg1 {[%clk 0:13:07]} e4 {[%clk 0:13:25]} 40. dxe4+
{[%clk 0:06:46]} Kxe4 {[%clk 0:13:53]} 41. Kf1 {[%clk 0:07:06]} Nf3
{[%clk 0:12:34]} 42. Ke2 {[%clk 0:07:10]} d3+ {[%clk 0:11:21]} 43. Kd1
{[%clk 0:06:55]} Nxh2 {[%clk 0:07:01]} 44. Nb4 {[%clk 0:04:30]} Nf3
{[%clk 0:06:22]} 45. Rxf3 {[%clk 0:04:11]} Kxf3 {[%clk 0:06:45]} 46. Nxd3
{[%clk 0:04:39]} Rc8 {[%clk 0:04:41]} 47. Kd2 {[%clk 0:04:52]} Ke4
{[%clk 0:04:40]} 48. Kc3 {[%clk 0:05:10]} Rf8 {[%clk 0:05:00]} 49. f4
{[%clk 0:05:07]} Rh8 {[%clk 0:05:03]} 50. Ne5 {[%clk 0:05:08]} Rh3+
{[%clk 0:05:06]} 51. Kb4 {[%clk 0:05:36]} Kxf4 {[%clk 0:05:06]} 52. Nc6
{[%clk 0:05:43]} Rh7 {[%clk 0:05:01]} 53. a4 {[%clk 0:05:35]} Ke4
{[%clk 0:05:05]} 54. a5 {[%clk 0:05:18]} Kd3 {[%clk 0:04:40]} 55. Nxa7
{[%clk 0:03:11]} bxa5+ {[%clk 0:03:05]} 56. Kxa5 {[%clk 0:03:38]} Kxc4
{[%clk 0:03:09]} 57. Kb6 {[%clk 0:02:37]} Rh6+ {[%clk 0:02:50]} 58. Nc6
{[%clk 0:01:13]} Rh5 {[%clk 0:02:47]} 59. Na7 {[%clk 0:01:31]} Kb4
{[%clk 0:02:51]} 60. Nc6+ {[%clk 0:01:50]} Ka4 {[%clk 0:02:59]} 61. Nd4
{[%clk 0:02:04]} Rd5 {[%clk 0:02:55]} 62. Kc6 {[%clk 0:00:59]} Rxd4
{[%clk 0:02:43]} 63. b6 {[%clk 0:01:23]} Rc4+ {[%clk 0:02:26]} 64. Kd6 Kb5
{[%clk 0:02:03]} 65. b7 {[%clk 0:01:56]} Rc6+ {[%clk 0:01:53]} 66. Kd7
{[%clk 0:02:22]} Rb6 {[%clk 0:02:04]} 67. Kc8 {[%clk 0:02:40]} Rc6+
{[%clk 0:01:50]} 68. Kd7 {[%clk 0:03:07]} Rb6 {[%clk 0:01:58]} 69. Kc8
{[%clk 0:03:31]} Rxb7 {[%clk 0:02:26]} 70. Kxb7 {[%clk 0:03:59]} 1/2-1/2

[Event "MMM"]
[Site "Galaxy Gesia 22a - Krakow"]
[Date "2022.06.17"]
[Round "3.18"]
[White "Zarebska, Lena"]
[Black "Pietrzak, Tomasz"]
[Result "1-0"]
[BlackElo "1879"]
[WhiteElo "1829"]
[LiveChessVersion "1.4.8"]

1. e4 {[%clk 1:30:56]} e5 {[%clk 1:30:50]} 2. Nf3 {[%clk 1:31:09]} Nc6
{[%clk 1:31:13]} 3. Bb5 {[%clk 1:31:30]} Nf6 {[%clk 1:31:15]} 4. O-O
{[%clk 1:31:21]} Nxe4 {[%clk 1:29:15]} 5. Re1 {[%clk 1:31:36]} Nd6
{[%clk 1:29:13]} 6. Nxe5 {[%clk 1:31:25]} Nxe5 {[%clk 1:27:55]} 7. Rxe5+
{[%clk 1:31:48]} Be7 {[%clk 1:28:22]} 8. Bf1 {[%clk 1:31:56]} O-O
{[%clk 1:28:31]} 9. d4 {[%clk 1:32:06]} Bf6 {[%clk 1:28:25]} 10. Re2
{[%clk 1:31:54]} b6 {[%clk 1:23:53]} 11. Re1 {[%clk 1:31:02]} Bb7
{[%clk 1:15:03]} 12. c3 {[%clk 1:30:52]} Bg5 {[%clk 1:10:24]} 13. Nd2
{[%clk 1:28:02]} Re8 {[%clk 1:09:57]} 14. Rxe8+ {[%clk 1:15:58]} Qxe8
{[%clk 1:09:27]} 15. Qg4 {[%clk 1:16:03]} Bf6 {[%clk 0:59:36]} 16. Nf3
{[%clk 1:14:53]} Qe6 {[%clk 0:58:57]} 17. Qf4 {[%clk 1:11:12]} Re8
{[%clk 0:56:06]} 18. Bd2 {[%clk 1:03:03]} Qf5 {[%clk 0:43:23]} 19. Qxf5
{[%clk 1:03:21]} Nxf5 {[%clk 0:43:49]} 20. Bb5 {[%clk 1:00:53]} Bxf3
{[%clk 0:38:26]} 21. gxf3 {[%clk 0:51:16]} c6 {[%clk 0:31:30]} 22. Bd3
{[%clk 0:51:38]} Nh4 {[%clk 0:31:33]} 23. Be3 {[%clk 0:51:53]} Nxf3+
{[%clk 0:29:40]} 24. Kg2 {[%clk 0:52:17]} Nh4+ {[%clk 0:26:56]} 25. Kg3
{[%clk 0:51:40]} d5 {[%clk 0:26:32]} 26. a4 {[%clk 0:50:58]} Bd8 {[%clk 0:25:08]}
27. Kh3 {[%clk 0:47:02]} g5 {[%clk 0:22:08]} 28. Rg1 {[%clk 0:34:38]} h6
{[%clk 0:22:10]} 29. Kg4 {[%clk 0:29:35]} Kg7 {[%clk 0:18:34]} 30. Bc1
{[%clk 0:21:16]} f5+ {[%clk 0:16:59]} 31. Kh5 {[%clk 0:17:49]} Kf6
{[%clk 0:11:56]} 32. h3 {[%clk 0:15:14]} Nf3 {[%clk 0:05:01]} 33. Rg3
{[%clk 0:14:49]} Ne1 {[%clk 0:05:22]} 34. f4 {[%clk 0:12:58]} Bc7
{[%clk 0:04:56]} 35. Ba6 {[%clk 0:07:20]} Bxf4 {[%clk 0:03:47]} 36. Bxf4
{[%clk 0:07:46]} gxf4 {[%clk 0:04:14]} 37. Rg6+ {[%clk 0:07:47]} Kf7
{[%clk 0:04:40]} 38. Rxc6 {[%clk 0:07:21]} Re3 {[%clk 0:02:19]} 39. Kxh6
{[%clk 0:05:44]} Rxh3+ {[%clk 0:02:43]} 40. Kg5 {[%clk 0:06:07]} f3
{[%clk 0:03:01]} 41. Rf6+ {[%clk 0:05:22]} Kg7 {[%clk 0:03:26]} 42. Rxf5
{[%clk 0:05:20]} Rh2 {[%clk 0:03:47]} 43. Rxd5 {[%clk 0:02:58]} Rxb2
{[%clk 0:01:17]} 44. Rd7+ {[%clk 0:02:26]} Kf8 {[%clk 0:01:29]} 45. Kf6
{[%clk 0:02:35]} Ke8 {[%clk 0:01:42]} 46. Re7+ {[%clk 0:02:54]} Kd8
{[%clk 0:02:09]} 47. Rxe1 {[%clk 0:03:14]} f2 {[%clk 0:02:34]} 48. Rf1
{[%clk 0:03:34]} Rc2 {[%clk 0:02:41]} 49. d5 {[%clk 0:03:37]} Kd7
{[%clk 0:02:30]} 50. Ke5 {[%clk 0:03:53]} Rd2 {[%clk 0:02:28]} 51. Bb5+
{[%clk 0:04:14]} Kc7 {[%clk 0:02:51]} 52. Rh1 {[%clk 0:04:20]} Kb7
{[%clk 0:01:33]} 53. Rh7+ {[%clk 0:04:40]} Kb8 {[%clk 0:01:48]} 54. Rf7
{[%clk 0:04:39]} a5 {[%clk 0:00:46]} 55. Kd6 {[%clk 0:04:47]} Rc2
{[%clk 0:00:49]} 56. Bc6 {[%clk 0:05:05]} 1-0

[Event "MMM"]
[Site "Galaxy Gesia 22a - Krakow"]
[Date "2022.06.17"]
[Round "3.19"]
[White "Cichon, Bartlomiej"]
[Black "Skrzypczynski, Kacper"]
[Result "1-0"]
[BlackElo "1731"]
[WhiteElo "1872"]
[LiveChessVersion "1.4.8"]

1. e4 {[%clk 1:30:55]} c5 {[%clk 1:30:39]} 2. Nf3 {[%clk 1:31:21]} e6
{[%clk 1:30:51]} 3. d4 {[%clk 1:31:45]} cxd4 {[%clk 1:31:17]} 4. Nxd4
{[%clk 1:32:09]} Nc6 {[%clk 1:31:43]} 5. Nc3 {[%clk 1:32:34]} Qc7
{[%clk 1:32:08]} 6. Be3 {[%clk 1:32:58]} a6 {[%clk 1:32:31]} 7. Qd2
{[%clk 1:33:17]} Nf6 {[%clk 1:31:48]} 8. O-O-O {[%clk 1:33:31]} b5
{[%clk 1:32:10]} 9. Bf4 {[%clk 1:33:34]} e5 {[%clk 1:16:02]} 10. Nxc6
{[%clk 1:33:22]} exf4 {[%clk 1:15:17]} 11. e5 {[%clk 1:33:04]} dxc6
{[%clk 1:10:47]} 12. exf6 {[%clk 1:32:09]} Be6 {[%clk 1:11:01]} 13. Ne4
{[%clk 1:31:49]} gxf6 {[%clk 0:48:27]} 14. Be2 {[%clk 1:14:15]} f5
{[%clk 0:32:35]} 15. Nf6+ {[%clk 1:01:48]} Ke7 {[%clk 0:32:14]} 16. Nh5
{[%clk 0:58:32]} Rg8 {[%clk 0:30:05]} 17. Qc3 {[%clk 0:54:28]} Rg6
{[%clk 0:29:34]} 18. Bf3 {[%clk 0:49:58]} Rc8 {[%clk 0:27:28]} 19. Qc5+
{[%clk 0:44:45]} Ke8 {[%clk 0:27:43]} 20. Qd4 {[%clk 0:43:55]} Ke7
{[%clk 0:25:49]} 21. Kb1 {[%clk 0:39:44]} Bh6 {[%clk 0:20:22]} 22. Qc5+
{[%clk 0:39:25]} Ke8 {[%clk 0:20:34]} 23. Rhe1 {[%clk 0:37:10]} Bf8
{[%clk 0:17:05]} 24. Qd4 {[%clk 0:34:31]} Bh6 {[%clk 0:15:31]} 25. Ka1
{[%clk 0:27:24]} Ke7 {[%clk 0:12:58]} 26. Qc5+ {[%clk 0:23:40]} Ke8
{[%clk 0:13:20]} 27. Rd6 {[%clk 0:21:04]} Qe7 {[%clk 0:10:11]} 28. Qe5
{[%clk 0:19:15]} Kf8 {[%clk 0:09:15]} 29. Bxc6 {[%clk 0:15:19]} Qh4
{[%clk 0:05:27]} 30. Bd7 {[%clk 0:07:57]} Bxd7 {[%clk 0:03:05]} 31. Rxg6
{[%clk 0:04:39]} 1-0

[Event "MMM"]
[Site "Galaxy Gesia 22a - Krakow"]
[Date "2022.06.17"]
[Round "3.20"]
[White "Slusarczyk, Anna"]
[Black "Smykalo, Severyn"]
[Result "0-1"]
[BlackElo "1870"]
[WhiteElo "1604"]
[LiveChessVersion "1.4.8"]

1. d4 {[%clk 1:30:59]} d5 {[%clk 1:30:46]} 2. Nf3 {[%clk 1:31:23]} Nf6
{[%clk 1:30:34]} 3. b3 {[%clk 1:31:16]} Bf5 {[%clk 1:30:19]} 4. e3
{[%clk 1:31:37]} e6 {[%clk 1:30:29]} 5. Bd3 {[%clk 1:31:07]} Bxd3
{[%clk 1:29:18]} 6. Qxd3 {[%clk 1:31:29]} Nbd7 {[%clk 1:29:39]} 7. Bb2
{[%clk 1:29:59]} Bd6 {[%clk 1:29:32]} 8. Nbd2 {[%clk 1:29:45]} O-O
{[%clk 1:29:47]} 9. O-O {[%clk 1:30:02]} Qe7 {[%clk 1:28:33]} 10. Ne5
{[%clk 1:30:16]} c5 {[%clk 1:27:36]} 11. f4 {[%clk 1:25:17]} Rac8
{[%clk 1:26:21]} 12. Rf3 {[%clk 1:21:24]} Rfd8 {[%clk 1:24:46]} 13. Raf1
{[%clk 1:02:40]} cxd4 {[%clk 1:21:41]} 14. exd4 {[%clk 1:02:59]} Bb4
{[%clk 1:21:54]} 15. c3 {[%clk 1:00:26]} Bd6 {[%clk 1:22:15]} 16. Re1
{[%clk 0:55:37]} a6 {[%clk 1:18:25]} 17. h3 {[%clk 0:25:47]} Ne8 {[%clk 1:13:29]}
18. Rfe3 {[%clk 0:22:17]} Nc7 {[%clk 1:12:53]} 19. Qf1 {[%clk 0:19:17]} Qf6
{[%clk 1:09:52]} 20. Rf3 {[%clk 0:17:22]} Qf5 {[%clk 1:08:53]} 21. Re2
{[%clk 0:10:39]} Qh5 {[%clk 1:04:17]} 22. f5 {[%clk 0:09:47]} Nxe5
{[%clk 1:04:00]} 23. dxe5 {[%clk 0:10:09]} Bc5+ {[%clk 1:04:06]} 24. Kh2
{[%clk 0:08:17]} exf5 {[%clk 1:04:24]} 25. Rxf5 {[%clk 0:08:36]} Qg6
{[%clk 1:04:53]} 26. g4 {[%clk 0:07:19]} Ne6 {[%clk 1:04:47]} 27. Nf3
{[%clk 0:07:16]} Rd7 {[%clk 1:03:10]} 28. Nh4 {[%clk 0:07:31]} Qh6
{[%clk 1:03:21]} 29. Qe1 {[%clk 0:06:08]} Be7 {[%clk 1:02:22]} 30. Rh5
{[%clk 0:04:04]} Qf4+ {[%clk 1:01:39]} 31. Kg2 {[%clk 0:04:31]} Bg5
{[%clk 0:58:38]} 32. Nf3 {[%clk 0:04:03]} g6 {[%clk 0:58:32]} 33. Nxg5
{[%clk 0:02:31]} Nxg5 {[%clk 0:58:36]} 34. Rh6 {[%clk 0:01:08]} Qf3+
{[%clk 0:56:49]} 35. Kh2 {[%clk 0:01:17]} Kg7 {[%clk 0:57:13]} 36. Bc1
{[%clk 0:01:40]} Kxh6 {[%clk 0:56:22]} 37. Bxg5+ {[%clk 0:02:05]} Kxg5
{[%clk 0:55:38]} 38. Rf2 {[%clk 0:01:41]} Qxc3 {[%clk 0:55:47]} 39. h4+
{[%clk 0:01:03]} Kh6 {[%clk 0:56:09]} 40. g5+ {[%clk 0:01:29]} Kg7
{[%clk 0:56:32]} 41. Qe2 {[%clk 0:01:52]} Re8 {[%clk 0:56:40]} 42. Qg4
{[%clk 0:01:59]} Qxe5+ {[%clk 0:57:06]} 43. Kg1 {[%clk 0:01:55]} Rc7
{[%clk 0:57:23]} 0-1

[Event "MMM"]
[Site "Galaxy Gesia 22a - Krakow"]
[Date "2022.06.17"]
[Round "3.22"]
[White "Szlosarczyk, Hubert"]
[Black "Smukowski, Bartosz"]
[Result "1-0"]
[BlackElo "1657"]
[WhiteElo "1654"]
[LiveChessVersion "1.4.8"]

1. d4 {[%clk 1:30:19]} Nf6 {[%clk 1:30:11]} 2. c4 {[%clk 1:30:03]} g6
{[%clk 1:30:30]} 3. Nc3 {[%clk 1:29:36]} d5 {[%clk 1:28:46]} 4. cxd5
{[%clk 1:27:04]} Nxd5 {[%clk 1:28:26]} 5. e4 {[%clk 1:23:44]} Nxc3
{[%clk 1:24:18]} 6. bxc3 {[%clk 1:21:43]} Bg7 {[%clk 1:22:41]} 7. Bc4
{[%clk 1:17:34]} c5 {[%clk 1:19:31]} 8. Ne2 {[%clk 1:14:49]} O-O {[%clk 1:15:45]}
9. O-O {[%clk 1:11:09]} Nc6 {[%clk 1:10:11]} 10. Be3 {[%clk 1:06:16]} Bg4
{[%clk 1:00:24]} 11. f3 {[%clk 1:03:10]} Na5 {[%clk 0:55:05]} 12. Bb3
{[%clk 0:58:15]} Bd7 {[%clk 0:53:22]} 13. Qd2 {[%clk 0:53:35]} Bb5
{[%clk 0:50:05]} 14. Rfd1 {[%clk 0:47:42]} Bxe2 {[%clk 0:41:38]} 15. Qxe2
{[%clk 0:45:06]} cxd4 {[%clk 0:31:12]} 16. cxd4 {[%clk 0:42:07]} Nxb3
{[%clk 0:31:07]} 17. axb3 {[%clk 0:42:04]} Qd7 {[%clk 0:30:41]} 18. Rac1
{[%clk 0:40:09]} Rfc8 {[%clk 0:29:01]} 19. Qd2 {[%clk 0:39:08]} Qb5
{[%clk 0:28:10]} 20. Rc3 {[%clk 0:32:27]} Rxc3 {[%clk 0:16:56]} 21. Qxc3
{[%clk 0:32:54]} a6 {[%clk 0:15:48]} 22. Rc1 {[%clk 0:31:56]} e6 {[%clk 0:14:43]}
23. Qc4 {[%clk 0:30:42]} Qa5 {[%clk 0:13:36]} 24. e5 {[%clk 0:28:57]} h6
{[%clk 0:10:48]} 25. Kf2 {[%clk 0:28:26]} b5 {[%clk 0:08:58]} 26. Qc2
{[%clk 0:28:00]} Qb4 {[%clk 0:07:36]} 27. g4 {[%clk 0:25:03]} Qe7
{[%clk 0:07:04]} 28. Kg3 {[%clk 0:24:17]} f5 {[%clk 0:06:15]} 29. exf6
{[%clk 0:22:19]} Qxf6 {[%clk 0:05:46]} 30. Qe4 {[%clk 0:22:33]} Re8
{[%clk 0:05:15]} 31. Rc6 {[%clk 0:22:23]} a5 {[%clk 0:04:54]} 32. Ra6
{[%clk 0:22:15]} Qf7 {[%clk 0:03:53]} 33. Bf4 {[%clk 0:20:40]} g5
{[%clk 0:02:43]} 34. Be5 {[%clk 0:20:00]} h5 {[%clk 0:02:13]} 35. gxh5
{[%clk 0:18:39]} Qxh5 {[%clk 0:01:50]} 36. Bxg7 {[%clk 0:18:56]} Kxg7
{[%clk 0:01:56]} 37. Rxa5 {[%clk 0:19:00]} Qf7 {[%clk 0:00:56]} 38. Rxb5
{[%clk 0:18:53]} Kh6 {[%clk 0:01:15]} 39. Re5 {[%clk 0:18:14]} Qc7
{[%clk 0:00:40]} 40. Qg4 {[%clk 0:18:18]} Rg8 {[%clk 0:00:36]} 41. Qh3+
{[%clk 0:17:16]} Kg7 {[%clk 0:00:49]} 42. Qxe6 {[%clk 0:17:38]} Qc1
{[%clk 0:00:42]} 43. Qe7+ {[%clk 0:16:52]} Kg6 {[%clk 0:00:36]} 44. Re6+
{[%clk 0:17:09]} Kh5 {[%clk 0:00:31]} 45. Qh7# 1-0

[Event "MMM"]
[Site "Galaxy Gesia 22a - Krakow"]
[Date "2022.06.17"]
[Round "3.23"]
[White "Brylski, Pawel"]
[Black "Stepien, Jaroslaw"]
[Result "0-1"]
[BlackElo "1857"]
[WhiteElo "1958"]
[LiveChessVersion "1.4.8"]

1. e4 {[%clk 1:29:59]} e5 {[%clk 1:30:46]} 2. d4 {[%clk 1:30:20]} exd4
{[%clk 1:31:08]} 3. Qxd4 {[%clk 1:30:47]} Nc6 {[%clk 1:31:12]} 4. Qc4
{[%clk 1:31:11]} Nf6 {[%clk 1:31:20]} 5. Nc3 {[%clk 1:31:33]} Bb4
{[%clk 1:31:15]} 6. Bd2 {[%clk 1:31:48]} O-O {[%clk 1:31:13]} 7. O-O-O
{[%clk 1:31:47]} d6 {[%clk 1:30:58]} 8. f3 {[%clk 1:29:16]} a5 {[%clk 1:24:00]}
9. a3 {[%clk 1:22:58]} Bc5 {[%clk 1:19:39]} 10. g4 {[%clk 1:22:15]} Be6
{[%clk 1:19:31]} 11. Qe2 {[%clk 1:22:32]} Nd4 {[%clk 1:17:10]} 12. Qg2
{[%clk 1:21:41]} b5 {[%clk 1:17:25]} 13. Nxb5 {[%clk 1:15:01]} Qb8
{[%clk 1:13:37]} 14. a4 {[%clk 0:40:02]} Qb6 {[%clk 1:05:58]} 15. Bc3
{[%clk 0:31:52]} Nxb5 {[%clk 1:04:11]} 16. Bxb5 {[%clk 0:31:47]} c6
{[%clk 1:02:31]} 17. Bd3 {[%clk 0:30:15]} Ba2 {[%clk 1:02:51]} 18. Re1
{[%clk 0:27:35]} Rab8 {[%clk 0:47:18]} 19. Nh3 {[%clk 0:25:53]} d5
{[%clk 0:39:18]} 20. Be5 {[%clk 0:14:59]} dxe4 {[%clk 0:32:06]} 21. fxe4
{[%clk 0:12:42]} Bd4 {[%clk 0:32:00]} 22. Bxb8 {[%clk 0:11:23]} Qxb2+
{[%clk 0:32:04]} 23. Kd1 {[%clk 0:11:32]} Rxb8 {[%clk 0:30:20]} 24. Ke2
{[%clk 0:10:49]} c5 {[%clk 0:29:35]} 25. Kf3 {[%clk 0:05:21]} Qc3
{[%clk 0:28:17]} 26. g5 {[%clk 0:02:02]} Nd7 {[%clk 0:28:04]} 27. Kg4
{[%clk 0:02:11]} Ne5+ {[%clk 0:26:29]} 28. Kh4 {[%clk 0:02:27]} c4
{[%clk 0:24:58]} 29. Be2 {[%clk 0:01:02]} Qxc2 {[%clk 0:19:53]} 30. Nf4
{[%clk 0:01:19]} Qxa4 {[%clk 0:17:32]} 31. Nd5 {[%clk 0:00:51]} Ng6+
{[%clk 0:17:24]} 32. Kh5 {[%clk 0:00:49]} c3 {[%clk 0:17:26]} 33. Qg3
{[%clk 0:01:11]} Be5 {[%clk 0:17:28]} 34. Ne7+ {[%clk 0:01:34]} Kf8
{[%clk 0:17:36]} 35. Bd1 {[%clk 0:00:41]} c2 {[%clk 0:16:46]} 36. Bxc2
{[%clk 0:01:00]} Qxc2 {[%clk 0:17:06]} 37. Qe3 {[%clk 0:00:37]} Nf4+
{[%clk 0:16:20]} 38. Kg4 {[%clk 0:00:38]} Qg2+ {[%clk 0:15:22]} 39. Kf5
{[%clk 0:00:53]} Qb2 {[%clk 0:15:14]} 40. Nd5 {[%clk 0:01:05]} g6+
{[%clk 0:12:57]} 41. Kg4 {[%clk 0:01:34]} Nxd5 {[%clk 0:12:24]} 42. Qc5+
{[%clk 0:00:43]} Ne7 {[%clk 0:12:24]} 43. Qxa5 {[%clk 0:00:35]} Be6+
{[%clk 0:12:30]} 0-1